[Event "SRB-chT 1st League CS"]
[Site "Paracin"]
[Date "2023.10.07"]
[Round "10.3"]
[White "Radovic, Janko"]
[Black "Marinkovic, Ivan"]
[Result "1/2-1/2"]
[WhiteElo "2400"]
[BlackElo "2413"]
[PlyCount "20"]
[EventDate "2023.09.30"]
[EventType "team-tourn"]
[EventRounds "11"]
[EventCountry "SRB"]
[SourceTitle "CBM 216 Extra"]
[Source "ChessBase"]
[SourceDate "2023.11.30"]
[SourceVersion "1"]
[SourceVersionDate "2023.11.30"]
[SourceQuality "1"]
[WhiteTeam "Kragujevac Radnicki"]
[BlackTeam "Kraljevo Sloga"]
[WhiteTeamCountry "SRB"]
[BlackTeamCountry "SRB"]

1. e4 Nf6 2. e5 Nd5 3. d4 d6 4. Bc4 c6 5. Nf3 g6 6. 0-0 Bg7 7. exd6 Qxd6 8. Re1 Bg4 9. c3 Bxf3 10. Qxf3 e6 1/2-1/2

[Event "SRB-chT 1st League CS"]
[Site "Paracin"]
[Date "2023.10.01"]
[Round "3.3"]
[White "Marinkovic, Ivan"]
[Black "Todorovic, Nenad I"]
[Result "1/2-1/2"]
[WhiteElo "2413"]
[BlackElo "2258"]
[PlyCount "37"]
[EventDate "2023.09.30"]
[EventType "team-tourn"]
[EventRounds "11"]
[EventCountry "SRB"]
[SourceTitle "CBM 216 Extra"]
[Source "ChessBase"]
[SourceDate "2023.11.30"]
[SourceVersion "1"]
[SourceVersionDate "2023.11.30"]
[SourceQuality "1"]
[WhiteTeam "Kraljevo Sloga"]
[BlackTeam "Nis Nais"]
[WhiteTeamCountry "SRB"]
[BlackTeamCountry "SRB"]

1. e4 c5 2. Nf3 d6 3. d4 cxd4 4. Nxd4 Nf6 5. Nc3 a6 6. g3 e5 7. Nb3 Be7 8. a4 0-0 9. Bg2 Be6 10. 0-0 Nbd7 11. a5 Qc7 12. Re1 b5 13. axb6 Nxb6 14. Na5 Rfc8 15. Bg5 h6 16. Bxf6 Bxf6 17. Bf1 g6 18. h4 Kg7 19. Re3 1/2-1/2

[Event "SRB-chT 1st League CS"]
[Site "Paracin"]
[Date "2023.09.30"]
[Round "1.3"]
[White "Brkljaca, Ante"]
[Black "Marinkovic, Ivan"]
[Result "0-1"]
[WhiteElo "2126"]
[BlackElo "2413"]
[PlyCount "66"]
[EventDate "2023.09.30"]
[EventType "team-tourn"]
[EventRounds "11"]
[EventCountry "SRB"]
[SourceTitle "CBM 216 Extra"]
[Source "ChessBase"]
[SourceDate "2023.11.30"]
[SourceVersion "1"]
[SourceVersionDate "2023.11.30"]
[SourceQuality "1"]
[WhiteTeam "Arandjelovac"]
[BlackTeam "Kraljevo Sloga"]
[WhiteTeamCountry "SRB"]
[BlackTeamCountry "SRB"]

1. d4 Nf6 2. Nf3 c5 3. e3 g6 4. c4 Bg7 5. Nc3 0-0 6. Be2 d6 7. 0-0 e6 8. dxc5 dxc5 9. Bd2 Nc6 10. Qc1 b6 11. Rd1 Bb7 12. Ng5 Ne8 13. f4 Qe7 14. Bf3 Nd6 15. Nce4 Nf5 16. Bc3 e5 17. Ng3 Nxg3 18. hxg3 h6 19. Ne4 Rad8 20. Rd5 f5 21. Nf2 e4 22. Be2 Nd4 23. exd4 Bxd5 24. cxd5 cxd4 25. Be1 Rc8 26. Qd1 d3 27. Bf1 Rc2 28. Bxd3 exd3 29. Qxd3 Qe2 30. Qxe2 Rxe2 31. Bc3 Bxc3 32. bxc3 Rd2 33. c4 Rc8 0-1

[Event "Belgrade Gligoric 100 Ann op"]
[Site "Belgrade"]
[Date "2023.02.05"]
[Round "10"]
[White "Djoric, Dusan"]
[Black "Marinkovic, Ivan"]
[Result "0-1"]
[WhiteElo "2167"]
[BlackElo "2413"]
[PlyCount "80"]
[EventDate "2023.02.05"]
[EventType "swiss (blitz)"]
[EventRounds "11"]
[EventCountry "SRB"]
[SourceTitle "EXT 2024"]
[Source "ChessBase"]
[SourceDate "2023.10.10"]
[SourceVersion "1"]
[SourceVersionDate "2023.10.10"]
[SourceQuality "1"]

1. e4 Nf6 2. e5 Nd5 3. Nc3 Nxc3 4. dxc3 d6 5. Nf3 Nc6 6. Bf4 Bg4 7. exd6 cxd6 8. Be2 e5 9. Be3 Bf5 10. 0-0 Be7 11. Nd2 Be6 12. c4 f5 13. f3 0-0 14. b3 Bg5 15. Bf2 Qf6 16. Re1 Qh6 17. Nf1 Rad8 18. c3 Qf6 19. Qc2 e4 20. Rad1 Ne5 21. fxe4 fxe4 22. Bd4 Qg6 23. Ng3 Bh4 24. Bxe5 dxe5 25. Rxd8 Rxd8 26. Rd1 Rxd1+ 27. Qxd1 Bxg3 28. Qd8+ Kf7 29. hxg3 Qxg3 30. Qc7+ Kf6 31. Qxb7 Qe1+ 32. Bf1 Qe3+ 33. Kh2 Qf4+ 34. Kg1 Bg4 35. Qxa7 e3 36. Qb6+ Kg5 37. Bd3 Qf2+ 38. Kh1 Kh4 39. Qd8+ Kg3 40. Qd6 Qe1+ 0-1

[Event "Belgrade Gligoric 100 Ann op"]
[Site "Belgrade"]
[Date "2023.02.05"]
[Round "5"]
[White "Marinkovic, Ivan"]
[Black "Djokic, Nenad"]
[Result "1-0"]
[WhiteElo "2413"]
[BlackElo "2246"]
[PlyCount "51"]
[EventDate "2023.02.05"]
[EventType "swiss (blitz)"]
[EventRounds "11"]
[EventCountry "SRB"]
[SourceTitle "EXT 2024"]
[Source "ChessBase"]
[SourceDate "2023.10.10"]
[SourceVersion "1"]
[SourceVersionDate "2023.10.10"]
[SourceQuality "1"]

1. e4 e5 2. Nc3 Nf6 3. g3 Nc6 4. Bg2 Bc5 5. Nf3 d6 6. d3 h6 7. Na4 Bb6 8. Nxb6 axb6 9. 0-0 0-0 10. Re1 Nh7 11. h3 f5 12. exf5 Bxf5 13. d4 exd4 14. Nxd4 Nxd4 15. Qxd4 c6 16. c4 Ra6 17. Bf4 Rf6 18. a3 Nf8 19. Rad1 Ne6 20. Qxd6 Qxd6 21. Bxd6 Nc5 22. Re8+ Kh7 23. Re7 Bc2 24. Rd2 Bb3 25. Bxc5 bxc5 26. Rdd7 1-0

[Event "Belgrade Gligoric 100 Ann op"]
[Site "Belgrade"]
[Date "2023.02.05"]
[Round "9"]
[White "Marinkovic, Ivan"]
[Black "Injac, Teodora"]
[Result "1-0"]
[WhiteElo "2413"]
[BlackElo "2383"]
[PlyCount "53"]
[EventDate "2023.02.05"]
[EventType "swiss (blitz)"]
[EventRounds "11"]
[EventCountry "SRB"]
[SourceTitle "EXT 2024"]
[Source "ChessBase"]
[SourceDate "2023.10.10"]
[SourceVersion "1"]
[SourceVersionDate "2023.10.10"]
[SourceQuality "1"]

1. e4 e5 2. Nc3 Nf6 3. g3 d5 4. exd5 Nxd5 5. Bg2 Nxc3 6. bxc3 Bc5 7. Nf3 Nc6 8. 0-0 0-0 9. Re1 h6 10. d3 Qf6 11. Be3 Bxe3 12. Rxe3 Bf5 13. Nd2 Rfe8 14. Rb1 Rab8 15. Qe2 Bd7 16. Re1 Qg6 17. Be4 Qd6 18. Nc4 Qc5 19. Bxc6 Bxc6 20. Nxe5 Bd5 21. c4 Be6 22. Qd2 Rbd8 23. Qc3 f6 24. Ng6 Bf7 25. Nf4 a5 26. Rxe8+ Rxe8 27. Rxe8+ 1-0

[Event "SRB-chT 1st League CS"]
[Site "Banja Vrujci"]
[Date "2022.10.01"]
[Round "1.1"]
[White "Marinkovic, Ivan"]
[Black "Livaja, Mario"]
[Result "1/2-1/2"]
[WhiteElo "2428"]
[BlackElo "2272"]
[PlyCount "148"]
[EventDate "2022.10.01"]
[EventType "team-tourn"]
[EventRounds "11"]
[EventCountry "SRB"]
[SourceTitle "CBM 210 Extra"]
[Source "ChessBase"]
[SourceDate "2022.11.30"]
[SourceVersion "1"]
[SourceVersionDate "2022.11.30"]
[SourceQuality "1"]
[WhiteTeam "Kraljevo Sloga"]
[BlackTeam "Nis Nais"]
[WhiteTeamCountry "SRB"]
[BlackTeamCountry "SRB"]

1. e4 d6 2. g3 Nf6 3. Bg2 e5 4. Ne2 h5 5. h3 h4 6. g4 g5 7. d4 Nh7 8. b3 Bg7 9. Bb2 0-0 10. Nd2 Nc6 11. Nc4 Re8 12. Ne3 Nf8 13. d5 Ne7 14. Qd2 Neg6 15. 0-0-0 Bf6 16. Kb1 Nf4 17. Bf1 Nxe2 18. Bxe2 Ng6 19. a4 Nf4 20. Bf1 Kh7 21. f3 a5 22. Nc4 b6 23. Ne3 Rg8 24. Bb5 Rg7 25. Rh2 Be7 26. Qe1 Kg8 27. Qf1 Rg6 28. Bc1 Kh7 29. c3 Bd7 30. Bxd7 Qxd7 31. Nf5 Bf6 32. Qb5 Qxb5 33. axb5 Rgg8 34. Be3 Rgb8 35. Rdd2 Kg8 36. Bg1 Kf8 37. Ne3 Ke8 38. Nc4 Kd7 39. Nb2 Bd8 40. Be3 Bf6 41. Kc2 Re8 42. Rh1 Rab8 43. Kd1 Ra8 44. Ke1 Ra7 45. Na4 Rb7 46. Kf1 Ra8 47. Kg1 Ke8 48. Kh2 Ng6 49. Ra1 Nf8 50. Rda2 Nd7 51. Nb2 Rc8 52. Kg2 Rbb8 53. Kf2 Be7 54. Ke2 Nf8 55. Nd3 Nd7 56. b4 axb4 57. Nxb4 f6 58. Ra7 Bd8 59. Nc6 Nf8 60. R1a4 Nd7 61. Kd3 Nf8 62. Kc2 Nd7 63. Kb2 Nf8 64. Nxb8 Rxb8 65. Rc4 Kd7 66. Rc6 Kc8 67. Rc4 Rb7 68. Ra6 Nd7 69. Rca4 Be7 70. c4 Bd8 71. Ra2 Be7 72. Kc3 Bd8 73. Ra8+ Rb8 74. Rxb8+ Kxb8 1/2-1/2

[Event "SRB-chT 1st League CS"]
[Site "Bajina Basta"]
[Date "2021.09.29"]
[Round "5.3"]
[White "Mladenovic, Stefan"]
[Black "Marinkovic, Ivan"]
[Result "1/2-1/2"]
[WhiteElo "2308"]
[BlackElo "2432"]
[PlyCount "45"]
[EventDate "2021.09.26"]
[EventType "team-tourn"]
[EventRounds "11"]
[EventCountry "SRB"]
[SourceTitle "EXT 2023"]
[Source "ChessBase"]
[SourceDate "2022.10.05"]
[SourceVersion "1"]
[SourceVersionDate "2022.10.05"]
[SourceQuality "1"]
[WhiteTeam "Nis Nais"]
[BlackTeam "Cacak Borac"]
[WhiteTeamCountry "SRB"]
[BlackTeamCountry "SRB"]

1. d4 Nf6 2. Nf3 c5 3. d5 b5 4. Bg5 Qb6 5. Bxf6 Qxf6 6. c3 Qb6 7. e4 g6 8. Nbd2 Bg7 9. a4 b4 10. Nc4 Qb7 11. Rc1 0-0 12. Be2 d6 13. 0-0 bxc3 14. bxc3 Qc7 15. Nfd2 Nd7 16. Ne3 Rb8 17. f4 Nf6 18. Re1 Bd7 19. Bf3 e6 20. Ndc4 exd5 21. Nxd5 Nxd5 22. Qxd5 Bxa4 23. Qxd6 1/2-1/2

[Event "Belgrade Vucicevic Memorial"]
[Site "Belgrade"]
[Date "2019.12.22"]
[Round "13"]
[White "Leskur, Dejan"]
[Black "Marinkovic, Ivan"]
[Result "0-1"]
[WhiteElo "2311"]
[BlackElo "2451"]
[PlyCount "90"]
[EventDate "2019.12.22"]
[EventType "swiss (blitz)"]
[EventRounds "13"]
[EventCountry "SRB"]
[SourceTitle "CBM 194 Extra"]
[Source "ChessBase"]
[SourceDate "2020.03.31"]
[SourceVersion "1"]
[SourceVersionDate "2020.03.31"]
[SourceQuality "1"]

1. e4 Nf6 2. e5 Nd5 3. d4 d6 4. Nf3 g6 5. Bc4 Nb6 6. Bb3 Bg7 7. 0-0 0-0 8. h3 Nc6 9. exd6 exd6 10. Bg5 Bf6 11. Bh6 Bg7 12. Bxg7 Kxg7 13. c3 Bf5 14. Nbd2 Na5 15. Bc2 Bxc2 16. Qxc2 d5 17. Rfe1 Nac4 18. Nf1 Nd6 19. Ng3 f6 20. b3 Qd7 21. a4 a5 22. Nd2 Nf7 23. Qd3 Rad8 24. Re3 Nc8 25. Rae1 Rfe8 26. Qe2 Rxe3 27. Qxe3 Ncd6 28. Qf3 c6 29. c4 Re8 30. Re3 Rxe3 31. Qxe3 Nf5 32. Nxf5+ Qxf5 33. c5 Qc2 34. Nf3 h5 35. g4 hxg4 36. hxg4 g5 37. Nh2 Qd1+ 38. Kg2 Kg6 39. Qc3 Nh6 40. f3 Qe2+ 41. Kg3 f5 42. b4 f4+ 43. Kh3 Qf2 44. Qd3+ Kg7 45. Nf1 axb4 0-1

[Event "SRB-chT 2nd League West"]
[Site "Kragujevac"]
[Date "2019.10.06"]
[Round "11.1"]
[White "Marinkovic, Ivan"]
[Black "Nikolov, Sasho"]
[Result "1-0"]
[WhiteElo "2451"]
[BlackElo "2302"]
[PlyCount "129"]
[EventDate "2019.09.06"]
[EventType "team-tourn"]
[EventRounds "11"]
[EventCountry "SRB"]
[SourceTitle "EXT 2020"]
[Source "ChessBase"]
[SourceDate "2019.10.17"]
[SourceVersion "1"]
[SourceVersionDate "2019.10.17"]
[SourceQuality "1"]
[WhiteTeam "Cacak Borac"]
[BlackTeam "Razanj"]
[WhiteTeamCountry "SRB"]
[BlackTeamCountry "SRB"]

1. e4 e5 2. Nc3 Nc6 3. g3 Bc5 4. Bg2 d6 5. Na4 f5 6. Nxc5 dxc5 7. d3 Nf6 8. Be3 Qd6 9. Qd2 0-0 10. h3 fxe4 11. dxe4 Qxd2+ 12. Kxd2 b6 13. Re1 Bb7 14. Kc1 Nd4 15. Rh2 Rae8 16. f3 Nh5 17. c3 Ne6 18. Bf2 Ng5 19. Be3 h6 20. h4 Nf7 21. Bf2 Nd6 22. Bh3 Kh7 23. Bg4 Nf6 24. Bh3 Rf7 25. g4 Nd7 26. g5 Nf8 27. Be3 h5 28. Bf1 Ng6 29. b3 Ref8 30. Bd3 Bc8 31. Bc2 Be6 32. Kb2 a5 33. a4 Rd7 34. Rf1 Kg8 35. Rff2 Rdf7 36. Rd2 Nb7 37. Bd1 Nd8 38. Be2 Nf4 39. Bb5 Nb7 40. Bc6 Nd6 41. Bxf4 Rxf4 42. Bd5 Re8 43. Rh3 Kh7 44. Bxe6 Rxe6 45. Ne2 Rf8 46. c4 Re7 47. Nc3 Ref7 48. Rd3 Nb7 49. Rd5 Re7 50. Rg3 Nd8 51. g6+ Kh6 52. Nd1 Re6 53. Ne3 Rxg6 54. Nf5+ Kh7 55. Rxg6 Kxg6 56. Rxe5 Nc6 57. Re6+ Rf6 58. Rxc6 Rxc6 59. Ne7+ Kf6 60. Nxc6 g5 61. hxg5+ Kxg5 62. Ne5 h4 63. Ng4 h3 64. e5 Kf5 65. Kc3 1-0

[Event "SRB-chT 2nd League West"]
[Site "Kragujevac"]
[Date "2019.10.03"]
[Round "6.1"]
[White "Marinkovic, Ivan"]
[Black "Savicevic, Vlatko"]
[Result "1/2-1/2"]
[WhiteElo "2451"]
[BlackElo "2344"]
[PlyCount "25"]
[EventDate "2019.09.06"]
[EventType "team-tourn"]
[EventRounds "11"]
[EventCountry "SRB"]
[SourceTitle "EXT 2020"]
[Source "ChessBase"]
[SourceDate "2019.10.17"]
[SourceVersion "1"]
[SourceVersionDate "2019.10.17"]
[SourceQuality "1"]
[WhiteTeam "Cacak Borac"]
[BlackTeam "Kosovska Mitrovica"]
[WhiteTeamCountry "SRB"]
[BlackTeamCountry "SRB"]

1. e4 e5 2. Nf3 Nf6 3. Nxe5 d6 4. Nf3 Nxe4 5. d3 Nf6 6. d4 d5 7. Bd3 Be7 8. h3 0-0 9. 0-0 c5 10. dxc5 Bxc5 11. Nc3 Nc6 12. Bg5 h6 13. Bh4 1/2-1/2

[Event "SRB-chT 2nd League West"]
[Site "Kragujevac"]
[Date "2019.09.08"]
[Round "4.1"]
[White "Marinkovic, Ivan"]
[Black "Misailovic, Nebojsa"]
[Result "1-0"]
[WhiteElo "2451"]
[BlackElo "2366"]
[PlyCount "67"]
[EventDate "2019.09.06"]
[EventType "team-tourn"]
[EventRounds "11"]
[EventCountry "SRB"]
[SourceTitle "EXT 2020"]
[Source "ChessBase"]
[SourceDate "2019.10.17"]
[SourceVersion "1"]
[SourceVersionDate "2019.10.17"]
[SourceQuality "1"]
[WhiteTeam "Cacak Borac"]
[BlackTeam "Uzice Sloboda"]
[WhiteTeamCountry "SRB"]
[BlackTeamCountry "SRB"]

1. e4 c5 2. Nf3 Nc6 3. d4 cxd4 4. Nxd4 g6 5. g3 Bg7 6. Ne2 Nf6 7. Bg2 d6 8. Nbc3 0-0 9. 0-0 Bd7 10. h3 Ne5 11. a4 Rc8 12. Ra2 Nc6 13. Ra3 Na5 14. Nd5 Nxd5 15. exd5 Nc4 16. Ra2 Be8 17. b3 Ne5 18. c4 Nd7 19. a5 Qc7 20. Be3 Qb8 21. Qd2 Nf6 22. Nd4 Bd7 23. Qb4 Rfd8 24. Re1 Be8 25. Qd2 Rc7 26. Qb4 Rdc8 27. Rae2 Nd7 28. Qd2 Nc5 29. Bg5 Bf6 30. Rxe7 Bxe7 31. Bxe7 Rd7 32. b4 Rxe7 33. Rxe7 Nd7 34. Qh6 1-0

[Event "SRB-chT 2nd League West"]
[Site "Kragujevac"]
[Date "2019.09.07"]
[Round "2.1"]
[White "Marinkovic, Ivan"]
[Black "Danilovic, Aleksandar"]
[Result "1/2-1/2"]
[WhiteElo "2451"]
[BlackElo "2396"]
[PlyCount "98"]
[EventDate "2019.09.06"]
[EventType "team-tourn"]
[EventRounds "11"]
[EventCountry "SRB"]
[SourceTitle "EXT 2020"]
[Source "ChessBase"]
[SourceDate "2019.10.17"]
[SourceVersion "1"]
[SourceVersionDate "2019.10.17"]
[SourceQuality "1"]
[WhiteTeam "Cacak Borac"]
[BlackTeam "Ivanjica"]
[WhiteTeamCountry "SRB"]
[BlackTeamCountry "SRB"]

1. d4 f5 2. g3 Nf6 3. Bg2 e6 4. Nh3 d5 5. 0-0 Bd6 6. c4 c6 7. Qc2 0-0 8. Bf4 Be7 9. Nd2 h6 10. Bxb8 Rxb8 11. Nf4 Qe8 12. Nf3 Bd6 13. Nd3 Qh5 14. e3 Bd7 15. c5 Bc7 16. Nf4 Qe8 17. Nd3 Qe7 18. Nfe5 Be8 19. b4 Nd7 20. Nxd7 Qxd7 21. a4 a6 22. Rfb1 Ra8 23. Rb3 g5 24. f4 Qg7 25. Qf2 h5 26. h4 gxh4 27. gxh4 Rf6 28. Kh2 Rg6 29. Ne5 Bxe5 30. fxe5 Kh7 31. Bh3 Bd7 32. Rg1 Rg8 33. Rbb1 Rxg1 34. Rxg1 Qxg1+ 35. Qxg1 Rxg1 36. Kxg1 Kg7 37. Kf2 Be8 38. Bf1 Kg6 39. Bd3 Kf7 40. Ke2 Ke7 41. Kf3 Kf7 42. Kf4 Kg6 43. Be2 Bf7 44. Kg3 Be8 45. Kf2 Bd7 46. Ke1 Kh6 47. b5 a5 48. b6 Kg6 49. Ba6 Bc8 1/2-1/2

[Event "SRB-chT Central"]
[Site "Kragujevac"]
[Date "2018.09.15"]
[Round "3.1"]
[White "Cvetanovic, Uros"]
[Black "Marinkovic, Ivan"]
[Result "1/2-1/2"]
[WhiteElo "2295"]
[BlackElo "2459"]
[PlyCount "48"]
[EventDate "2018.09.14"]
[EventType "team-tourn"]
[EventRounds "11"]
[EventCountry "SRB"]
[SourceTitle "CBM 186 Extra"]
[Source "ChessBase"]
[SourceDate "2018.08.24"]
[SourceVersion "1"]
[SourceVersionDate "2018.08.24"]
[SourceQuality "1"]
[WhiteTeam "Paracin"]
[BlackTeam "Cacak Borac"]
[WhiteTeamCountry "SRB"]
[BlackTeamCountry "SRB"]

1. e4 Nf6 2. Nc3 d5 3. e5 d4 4. exf6 dxc3 5. fxg7 cxd2+ 6. Qxd2 Qxd2+ 7. Bxd2 Bxg7 8. 0-0-0 0-0 9. Nf3 Nc6 10. Be3 Bg4 11. h3 Bxf3 12. gxf3 Rad8 13. c3 Rxd1+ 14. Kxd1 Rd8+ 15. Kc2 Rd6 16. Be2 Kf8 17. Bd3 h5 18. Rg1 b6 19. Rg5 h4 20. Be2 Bf6 21. Rg4 e6 22. Bf4 Ne5 23. Bxe5 Bxe5 24. Rxh4 Bf6 1/2-1/2